000
00224 a2200097 4500
001
33790
100
_a
245
_a
Nutty the squirrel and other stories
260
_a
Karachi
_b
Children Books Pub
_c
090
_c
22443
_d
22443
942
_a
NUST-CAE
_c
M
_c
13829
999
_c
268863
_d
268863